| 000 | 01660nam a2200313Ia 4500 | ||
|---|---|---|---|
| 003 | OSt | ||
| 005 | 20200821234500.0 | ||
| 008 | 191128s2006 ck fr 001 0dspa d | ||
| 020 | _a9586534928 | ||
| 040 |
_aCO-JMCR _cCO-JMCR |
||
| 041 | 0 | _aspa | |
| 082 | 0 | 4 |
_a347.014 / _bL864d _223 |
| 100 | 1 |
_aLópez Medina, Diego Eduardo, _eautor _99098 |
|
| 245 | 1 | 3 |
_aEl derecho de los jueces : _bobligatoriedad del precedente constitucional, análisis de sentencias y líneas jurisprudenciales y teoría del derecho judicial / _cDiego Eduardo López Medina |
| 250 | _aSegunda edición | ||
| 260 |
_aBogotá : _bUniversidad de los Andes : Legis, _c2006 |
||
| 300 |
_axxvi, 366 páginas ; _c24 cm. |
||
| 500 | _aIncluye datos biográficos del autor e índice analítico al final del texto. | ||
| 504 | _aBibliografía: páginas 351-366 | ||
| 505 | 0 | _aPrecedente judicial en Colombia -- La lucha legislativa y judicial por el control las fuentes del derecho (1992-2000) --Desarrollos recientes en el sistema de precedentes en Colombia (2001-2006) -- Precedente vinculante vs jurisprudencia indicativa | |
| 520 | 3 | _aEl derecho de los jueces, obra ya clásica de la literatura jurídica colombiana, ofrece en esta segunda edición una sustancial revisión de su contenido y estructura. El libro, que ahora presenta varios capítulos nuevos. | |
| 650 | 1 | 4 |
_aJueces _zColombia _99099 |
| 650 | 1 | 4 |
_aFunción judicial _zColombia _99100 |
| 650 | 1 | 4 |
_aSeparación de poderes _zColombia _99101 |
| 650 | 1 | 4 |
_aTribunales constitucionales _zColombia _99102 |
| 650 | 1 | 4 |
_aJurisprudencia _zColombia _98606 |
| 650 | 1 | 4 |
_aLegislación judicial _zColombia _99103 |
| 942 |
_2ddc _cBK |
||
| 999 |
_c5781 _d5781 |
||